<?xml version="1.0" encoding="UTF-8"?>
<record
    xmlns:xsi="http://www.w3.org/2001/XMLSchema-instance"
    xsi:schemaLocation="http://www.loc.gov/MARC21/slim http://www.loc.gov/standards/marcxml/schema/MARC21slim.xsd"
    xmlns="http://www.loc.gov/MARC21/slim">

  <leader>00959nam a22002417a 4500</leader>
  <controlfield tag="005">20170828154657.0</controlfield>
  <controlfield tag="008">170828b1983    ck ||||| |||| 00| 0 spa d</controlfield>
  <datafield tag="040" ind1=" " ind2=" ">
    <subfield code="a">CO-BoIAVH </subfield>
    <subfield code="c">CO-BoIAVH </subfield>
  </datafield>
  <datafield tag="041" ind1=" " ind2=" ">
    <subfield code="a">spa</subfield>
  </datafield>
  <datafield tag="044" ind1=" " ind2=" ">
    <subfield code="a">ck</subfield>
  </datafield>
  <datafield tag="082" ind1=" " ind2=" ">
    <subfield code="a">633.86</subfield>
    <subfield code="b">T69c</subfield>
  </datafield>
  <datafield tag="100" ind1="1" ind2=" ">
    <subfield code="a">Torres Romero, Jorge Hern&#xE1;n</subfield>
  </datafield>
  <datafield tag="245" ind1="1" ind2="0">
    <subfield code="a">Contribuci&#xF3;n al conocimiento de las Plantas tanicas registradas en Colombia</subfield>
  </datafield>
  <datafield tag="260" ind1=" " ind2=" ">
    <subfield code="a">Bogot&#xE1;:</subfield>
    <subfield code="b">Universidad Nacional de Colombia,</subfield>
    <subfield code="c">1983.</subfield>
  </datafield>
  <datafield tag="300" ind1=" " ind2=" ">
    <subfield code="a">175. p&#xE1;ginas</subfield>
    <subfield code="b">ilustraciones</subfield>
    <subfield code="c">24 x 16 cm</subfield>
  </datafield>
  <datafield tag="490" ind1=" " ind2=" ">
    <subfield code="a">Serie Biblioteca Jose Jeronimo Triana, Instituto de Ciencias Naturales, Universidad Nacional de Colombia</subfield>
    <subfield code="v">2</subfield>
  </datafield>
  <datafield tag="650" ind1=" " ind2="0">
    <subfield code="a">Plantas &#xFA;tiles</subfield>
    <subfield code="v">investigaciones</subfield>
    <subfield code="z">Colombia</subfield>
  </datafield>
  <datafield tag="650" ind1="1" ind2="4">
    <subfield code="a">Plantas</subfield>
    <subfield code="v">Descripci&#xF3;n</subfield>
    <subfield code="z">Colombia</subfield>
  </datafield>
  <datafield tag="650" ind1="1" ind2="4">
    <subfield code="a">Taninos</subfield>
    <subfield code="v">Usos</subfield>
    <subfield code="z">Colombia</subfield>
  </datafield>
  <datafield tag="650" ind1="1" ind2="4">
    <subfield code="a">Taninos</subfield>
    <subfield code="v">Caracteristicas</subfield>
    <subfield code="z">Colombia</subfield>
  </datafield>
  <datafield tag="650" ind1="1" ind2="4">
    <subfield code="a">Factores Biol&#xF3;gicos</subfield>
    <subfield code="v">Concentracion</subfield>
    <subfield code="y">Colombia</subfield>
  </datafield>
  <datafield tag="942" ind1=" " ind2=" ">
    <subfield code="2">ddc</subfield>
    <subfield code="c">LIBRO</subfield>
  </datafield>
  <datafield tag="999" ind1=" " ind2=" ">
    <subfield code="c">19775</subfield>
    <subfield code="d">19775</subfield>
  </datafield>
  <datafield tag="952" ind1=" " ind2=" ">
    <subfield code="0">0</subfield>
    <subfield code="1">0</subfield>
    <subfield code="2">ddc</subfield>
    <subfield code="4">0</subfield>
    <subfield code="7">0</subfield>
    <subfield code="8">GENERAL</subfield>
    <subfield code="I">INV2017</subfield>
    <subfield code="a">Bogota</subfield>
    <subfield code="b">Bogota</subfield>
    <subfield code="d">2017-08-28</subfield>
    <subfield code="e">Instituto</subfield>
    <subfield code="g">50000.00</subfield>
    <subfield code="l">2</subfield>
    <subfield code="m">2</subfield>
    <subfield code="o">LB-633.86 T69c</subfield>
    <subfield code="p">005909</subfield>
    <subfield code="r">2021-11-04 00:00:00</subfield>
    <subfield code="s">2021-09-01</subfield>
    <subfield code="t">Ej. 1</subfield>
    <subfield code="w">2017-08-28</subfield>
    <subfield code="x">Donacion</subfield>
    <subfield code="y">LIBRO</subfield>
  </datafield>
</record>
